000 00202 a2200097 4500
001 48932
100 _aKhalib Athar
245 _aSafar Zindagy
260 _aLahore
_bJang Pub
_c
090 _c31826
_d31826
942 _aNUST-CAE
_cM
_c24254
999 _c284005
_d284005